000 00736cab a2200253 4500
001 ABS49419
008 090401t1993 xxu||||| |||| 00| 0 eng d
035 _a(Sirsi) u71163
041 _aeng
100 _aKnowles, R.
245 _aLegal
260 _c1993
350 _a0
490 _aChartered Quantity Surveyor
_v16(2) October 1993, 20(1)
520 _aArgues that success-related fees for claims consultants should be reviewed in the light of recent case law.
650 _aCLAIMS CONSULTANTS
650 _aCONDITIONAL FEE AGREEMENTS
650 _aCONTINGENCY FEES
650 _aFEES
650 _aSUCCESS-RELATED FEES
690 _aBUILT ENVIRONMENT-BUILDING CONTRACT FORMS
942 _n0
948 _c04/03/1997
999 _c44827
_d44827